Normal view
MARC view
- Quotations, Malay
Entry Topical Term
001 - CONTROL NUMBER
- control field: 902
003 - CONTROL NUMBER IDENTIFIER
- control field: OSt
005 - DATE AND TIME OF LATEST TRANSACTION
- control field: 20170503154722.0
008 - FIXED-LENGTH DATA ELEMENTS
- fixed length control field: 170503|| aca||aabn | a|a d
040 ## - CATALOGING SOURCE
- Original cataloging agency: OSt
- Transcribing agency: OSt
150 ## - HEADING--TOPICAL TERM
- Topical term or geographic name entry element: Quotations, Malay
670 ## - SOURCE DATA FOUND
- Source citation: Work cat.: (OSt)0: Jeniri Amir, 1959- 901, 7000 mutiara kata /, 2006

PORTAL AKMAL
E-MEL JKDM
AKMAL2U
G-BAM
u-PUSTAKA